000 00517nam a2200181 4500
003 SEACOMMC
005 20250411142152.0
008 250411b |||||||| |||| 00| 0 eng d
020 _a978-81-2592-063-2
_cRs.245.00
040 _aSEACOMMC
082 _a621.3815
_bS167
100 _a Salivahanan, S
245 1 _aDigital Circuits and Design
_cS. Salivahanan [and] S. Arivazhagan
250 _a3rd ed.
260 _a New Delhi
_b Vikas Publishing House
_c 2006
650 _aComputer-Digital Circuits
942 _cBOOK
999 _c1197
_d1197